Sistema de inteligencia del estado a la luz del derecho

Na minha lista:
Detalhes bibliográficos
Autor principal: Vera Lama, Rodrigo (Author)
Formato: Livro
Idioma:espanhol
Publicado em: Santiago Librotecnia 2008
Edição:1a. ed
Assuntos:
Tags: Adicionar Tag
Sem tags, seja o primeiro a adicionar uma tag!

MARC

LEADER 00000nam a2200000 a 4500
001 UCI8153
003 CL-VaPUC
008 080807e20080000CL |||||||||||||||||spa|d
020 |a 9789567950805 
082 0 4 |a 342.83  |b VER  |2 21 
100 0 |a Vera Lama, Rodrigo  |e author  |9 531618 
245 1 0 |a Sistema de inteligencia del estado a la luz del derecho 
250 |a 1a. ed 
300 |a 351 p 
942 |c BK 
945 |d 20080807 00:00:00  |a jtorresc 
260 |a Santiago  |b Librotecnia  |c 2008 
600 0 7 |a AGENCIA NACIONAL DE INTELIGENCIA  |2 CL-VaPUC  |9 531619 
650 0 |a Derecho constitucional   |9 222588 
650 0 |a Constitución política  |9 336925 
650 0 |a Estado de derecho  |9 257795 
650 0 |a Aspectos jurídicos  |9 328188 
650 0 |a Aspectos políticos   |9 257400 
651 7 |a CHILE  |2 CL-VaPUC  |9 531620 
583 |a last modification  |c 20131001 01:46:59  |k Rodrigo Vera 
999 |c 331179  |d 331177 
952 |0 0  |1 0  |4 0  |6 342_830000000000000_VER_2008  |7 0  |8 A  |9 417392  |a BIBDER  |b BIBDER  |d 2019-11-22  |i 4469259  |o 342.83 VER 2008  |p 4469259  |r 2019-11-22  |w 2019-11-22  |y BK  |k DER